Biblioteca

Comentario al evangelio de Mateo / Massimo Grilli , Cordula Langner (Registro nro. 44342)

Detalles MARC
000 -LÍDER
Campo fijo de descripción fija 006580000a22001690004500
020 ## - NÚMERO INTERNACIONAL NORMALIZADO PARA LIBROS
Número Internacional Normalizado del libro 978-84-9945-130-5
082 04 - NÚMERO DE CLASIFICACIÓN DECIMAL DEWEY
Número de clasificación G 226.207 G858c
001 - NÚMERO DE CONTROL
Campo de control 17695
100 1# - ASIENTO PRINCIPAL--NOMBRE PERSONAL
Nombre personal Grilli, Massimo
245 10 - TÍTULO
Título del Material Comentario al evangelio de Mateo / Massimo Grilli , Cordula Langner
260 ## - PUBLICACIÓN, DISTRIBUCIÓN, ETC. (PIE DE IMPRENTA)
Lugar de publicación, distribución, etc. Estella, Navarra : Verbo Divino
300 ## - DESCRIPCIÓN FÍSICA
Extensión 749 p.
505 00 - NOTA DE CONTENIDO
Nota de contenido con formato preestablecido Mt 1,1-4,16. Jesús, Mesías según las Escrituras -- Mt 4,17-16,20. Jesús, Mesías en sus palabras y obras -- Mt 16,21-28,20. Jesús, Mesías e Hijo del Hombre, en su Reino
650 14 - ASIENTO SECUNDARIO DE MATERIA - TERMINO TEMÁTICO
Término temático o nombre geográfico como elemento de entrada BIBLIA N.T. - MATEO - COMENTARIOS \ BIBLIA - COMENTARIOS
942 ## - TIPO DE MATERIAL (KOHA)
Tipo de Item KOHA Libros General
Existencias
Estado de Material Estado de Perdido Forma de Clasificación Estado de Dañado No para Préstamo Colección Tomo Biblioteca de Origen Biblioteca Permanente Fecha de Adquisición Total de Préstamos Total de Renovaciones Signatura Topográfica Código de Barras Última vez visto Última vez Préstado Ejemplar/Existencia Fecha de Remplazo Tipo de Material
    Dewey Decimal Classification     Colección General   Biblioteca FUSBC Biblioteca FUSBC 07/11/2012 52 20 G 226.207 G858c 17726 14/11/2025 29/10/2025 1 26/01/2016 Libros General

Biblioteca FUSBC | Teléfono: (57+4) 349 88 10 Ext. 141| WhatsApp (+57) 3005338115 
E-mail: biblioteca@unisbc.edu.co | Calle 76 87-14 Robledo Palenque, Medellín, Colombia

Con tecnología Koha